Kriminalitätsbekämpfung im Zusammenhang mit Messen
Auf dem knapp 270 000 qm großen Areal der Düsseldorfer Messe entsteht messetäglich in bis zu 17 Ausstellungshallen eine Stadt mittlerer Größe mit etwa 30 000 bis 40 000 sehr mobilen "Bewohnern", davon lediglich 613 feste Mitarbeiter der Messe Düsseldorf GmbH. Durchschnittlich 36 mehrtägige...
| Autores principales: | ; |
|---|---|
| Tipo de documento: | Print Artículo |
| Lenguaje: | Lengua no determinada |
| Publicado: |
2004
|
| En: |
Kriminalistik
Año: 2004, Volumen: 58, Número: 8/9, Páginas: 542-545 |
| Verificar disponibilidad: | HBZ Gateway |
| Palabras clave: |
MARC
| LEADER | 00000caa a22000002c 4500 | ||
|---|---|---|---|
| 001 | 1639136983 | ||
| 003 | DE-627 | ||
| 005 | 20220608124150.0 | ||
| 007 | tu | ||
| 008 | 160223s2004 xx ||||| 00| ||und c | ||
| 035 | |a (DE-627)1639136983 | ||
| 035 | |a (DE-576)455777624 | ||
| 035 | |a (DE-599)BSZ455777624 | ||
| 040 | |a DE-627 |b ger |c DE-627 |e rakwb | ||
| 100 | 1 | |a Kölbach, Jochen |4 aut | |
| 245 | 1 | 0 | |a Kriminalitätsbekämpfung im Zusammenhang mit Messen |c Jochen Kölbach, D. Steegmann |
| 264 | 1 | |c 2004 | |
| 336 | |a Text |b txt |2 rdacontent | ||
| 337 | |a ohne Hilfsmittel zu benutzen |b n |2 rdamedia | ||
| 338 | |a Band |b nc |2 rdacarrier | ||
| 520 | |a Auf dem knapp 270 000 qm großen Areal der Düsseldorfer Messe entsteht messetäglich in bis zu 17 Ausstellungshallen eine Stadt mittlerer Größe mit etwa 30 000 bis 40 000 sehr mobilen "Bewohnern", davon lediglich 613 feste Mitarbeiter der Messe Düsseldorf GmbH. Durchschnittlich 36 mehrtägige bzw. -wöchige Messeveranstaltungen finden pro Jahr statt, darunter sieben Großmessen von internationaler Bedeutung - boot, cpd Frühjahr und Herbst, drupa, Caravan Salon, K(unststoff) und Medica. Das Fahrzeugaufkommen beläuft sich auf ca. 700 000 Pkw und ca. 18 000 Lkw p. a., nicht gerechnet die Auswirkungen der Reisebewegungen des nahegelegenen Flughafens Düsseldorf mit einem Passagieraufkommen von mehr als 14 Mio. Passagieren jährlich. Jede Ansammlung von Menschen und hochwertigen Waren birgt eigene Risiken. Eines davon ist Kriminalität, der durch die Institutionalisierung einer Ordnungspartnerschaft "Messe" wirksamer begegnet werden soll | ||
| 700 | 1 | |a Steegmann, D. |4 aut | |
| 773 | 0 | 8 | |i In |t Kriminalistik |d Heidelberg : C.F. Müller GmbH, Kriminalistik, 1949 |g 58(2004), 8/9, Seite 542-545 |w (DE-627)129489522 |w (DE-600)205902-2 |w (DE-576)014883163 |x 0023-4699 |7 nnas |
| 773 | 1 | 8 | |g volume:58 |g year:2004 |g number:8/9 |g pages:542-545 |
| 935 | |a mkri | ||
| 951 | |a AR | ||
| ELC | |b 1 | ||
| LOK | |0 000 xxxxxcx a22 zn 4500 | ||
| LOK | |0 001 3299426974 | ||
| LOK | |0 003 DE-627 | ||
| LOK | |0 004 1639136983 | ||
| LOK | |0 005 20251001104109 | ||
| LOK | |0 008 160208||||||||||||||||ger||||||| | ||
| LOK | |0 040 |a DE-21-110 |c DE-627 |d DE-21-110 | ||
| LOK | |0 689 |a s |a Kriminalitätsbekämpfung | ||
| LOK | |0 689 |a s |a Verdrängungseffekte | ||
| LOK | |0 689 |a s |a Eigentumsdelikte | ||
| LOK | |0 852 |a DE-21-110 | ||
| LOK | |0 852 1 |m p |9 00 | ||
| LOK | |0 935 |a k110 | ||
| LOK | |0 938 |k p | ||
| LOK | |0 939 |a 08-02-16 |b l01 | ||
| ORI | |a SA-MARC-krimdoka001.raw | ||
